Afectos e intimidades. El mundo familiar en los siglos XVII, XVIII, y XIX
Salvato in:
| Autore principale: | |
|---|---|
| Natura: | Libro |
| Lingua: | spagnolo |
| Pubblicazione: |
Santiago
Ediciones Universidad Católica de Chile
2007
|
| Soggetti: | |
| Tags: |
Aggiungi Tag
Nessun Tag, puoi essere il primo ad aggiungerne!!
|
MARC
| LEADER | 00000nam a2200000 a 4500 | ||
|---|---|---|---|
| 001 | UCI5314 | ||
| 003 | CL-VaPUC | ||
| 008 | 080320e20070000CL |||||||||||||||||spa|d | ||
| 020 | |a 9789561409682 | ||
| 082 | 0 | 4 | |a 306.850983 |b PER |2 21 |
| 100 | 0 | |a Pereira Larraín, Teresa |e author |9 527615 | |
| 245 | 1 | 0 | |a Afectos e intimidades. El mundo familiar en los siglos XVII, XVIII, y XIX |
| 300 | |a 397 p | ||
| 942 | |c BK | ||
| 945 | |d 20080320 00:00:00 |a rbrito | ||
| 260 | |a Santiago |b Ediciones Universidad Católica de Chile |c 2007 | ||
| 650 | 0 | |a Familias |9 255641 | |
| 650 | 7 | |a HISTORIA DE CHILE SIGLOS 17-19 |2 CL-VaPUC |9 352019 | |
| 650 | 0 | |a Vida familiar |9 308049 | |
| 650 | 7 | |a MATRIMONIO |2 CL-VaPUC |9 527616 | |
| 650 | 0 | |a Estructura familiar |9 317365 | |
| 650 | 0 | |a Fracaso matrimonial |9 527617 | |
| 650 | 0 | |a Nulidad matrimonial |9 399857 | |
| 583 | |a last modification |c 20180227 02:10:04 |k Rodrigo Vera | ||
| 999 | |c 329067 |d 329065 | ||
| 952 | |0 0 |1 0 |4 0 |6 306_850983000000000_PER_2007 |7 0 |8 A |9 413384 |a BIBHIS |b BIBHIS |d 2019-11-22 |i 4417933 |o 306.850983 PER 2007 |p 4417933 |r 2025-01-20 |w 2019-11-22 |y BK |k HIS | ||
| 952 | |0 0 |1 0 |4 0 |6 306_850983000000000_PER_2007 |7 0 |8 A |9 413385 |a BIBHIS |b BIBHIS |d 2019-11-22 |i 4423712 |l 1 |m 1 |o 306.850983 PER 2007 |p 4423712 |r 2025-01-20 |s 2023-06-16 |w 2019-11-22 |y BK |k HIS | ||
| 952 | |0 0 |1 0 |4 0 |6 306_850983000000000_PER_2007 |7 0 |8 A |9 413386 |a BIBHIS |b BIBHIS |d 2019-11-22 |i 4612892 |o 306.850983 PER 2007 |p 4612892 |r 2025-01-20 |w 2019-11-22 |y BK |k HIS | ||